000
00284nam a22001217a 4500
003
OSt
005
20260116112036.0
008
260116b |||||||| |||| 00| 0 eng d
040
_c
fms
100
_a
ROBBINS(S.P)
_9
898174
245
_a
Organizational Behavior
942
_2
CC
_c
TB
_e
16
_n
0
999
_c
1490771
_d
1490771